| 000 | 00363nam a2200121Ia 4500 | ||
|---|---|---|---|
| 008 | 220901s9999||||xx |||||||||||||| ||und|| | ||
| 082 | _a511.5 YAN | ||
| 100 |
_aYang, Limin _913895 |
||
| 245 | 0 | _aInternational journal of combinatorial greaph theory and applications | |
| 250 | _aVol. 3 Issue No. 1 & 2 | ||
| 260 |
_bGRP Publications _c2010 |
||
| 650 | _aMathematics | ||
| 999 |
_c193911 _d193911 |
||